|
|
|
|
| LEADER |
01193nam a2200301 a 4500 |
| 001 |
38846 |
| 003 |
BD-DhAAL |
| 005 |
20220607152812.0 |
| 008 |
220605r19961994enka b 001 0 eng d |
| 999 |
|
|
|c 44304
|d 44304
|
| 010 |
|
|
|a 93024807
|
| 020 |
|
|
|a 0521574455 (paperback)
|
| 020 |
|
|
|a 0521450667 (hardback)
|
| 040 |
|
|
|a DLC
|c DLC
|d DLC
|d BD-DhAAL
|
| 050 |
0 |
0 |
|a HB72
|b .R63 1994
|
| 082 |
0 |
0 |
|a 330.01
|2 20
|
| 100 |
1 |
|
|a Roemer, John E.
|9 48917
|
| 245 |
1 |
0 |
|a Egalitarian perspectives :
|b essays in philosophical economics /
|c John E. Roemer.
|
| 260 |
|
|
|a Cambridge [England] ;
|a New York :
|b Cambridge University Press,
|c 1994 [reprinted 1996].
|
| 300 |
|
|
|a xi, 356 pages :
|b illustrations ;
|c 24 cm.
|
| 504 |
|
|
|a Includes bibliographical references (pages 333-341) and index.
|
| 541 |
|
|
|a Donated By Akbar Ali Khan
|e 38846
|
| 650 |
|
0 |
|a Economics
|x Philosophy.
|9 48918
|
| 650 |
|
0 |
|a Equality.
|9 48919
|
| 650 |
|
0 |
|a Social justice.
|9 48920
|
| 852 |
|
|
|a Ayesha Abed Library
|c Akbar Ali Khan Collection
|
| 942 |
|
|
|2 ddc
|c BK
|
| 952 |
|
|
|0 0
|1 0
|2 ddc
|4 0
|6 330_010000000000000_ROE
|7 1
|9 70794
|a BRACUL
|b BRACUL
|c AAKC
|d 2022-06-05
|e Donated by Akbar Ali Khan
|l 0
|o 330.01 ROE
|p 3010038846
|r 2022-06-05
|t 1
|w 2022-06-05
|y BK
|